| 000 | 00832nas a2200265 4500 | ||
|---|---|---|---|
| 001 | BR8300773 | ||
| 003 | BR-BrBNA | ||
| 005 | 20231205085436.0 | ||
| 007 | ta | ||
| 008 | 230509b bl.|||p| |||| 00| 00por d | ||
| 040 |
_aBR-BrBNA _bpor _cBiblioteca Nacional de Agricultura |
||
| 041 | _a(Pt) | ||
| 072 | _aF10; F28; U20 | ||
| 100 | 1 | _aCataneo, A. | |
| 100 | 1 | _aCastro Filho, C. de | |
| 100 | 1 | _aAcquarole, R.M. | |
| 245 | 1 | _aPrograma para calculo de indices de erosividade de chuvas | |
| 246 | 1 | _aComputer program to calculate rainfall erosivity indexes | |
| 650 | _aCHUVA | ||
| 650 | _aEROSAO DO SOLO | ||
| 650 | _aCOMPUTADOR | ||
| 773 | 0 |
_tRevista Brasileira de Ciencia do Solo (Brazil) _xISSN 0100-0683 _g(Sep 1982), v. 6(3) p. 236-239 _wBR8300773 |
|
| 909 |
_a202311 _bLúcia _c55 _dLúcia Elande |
||
| 942 |
_2AGRIS _n0 _cANA |
||
| 999 |
_c111468 _d111468 |
||